Central Library OPAC University of Rajshahi

SEPARATION AXIOMS ON L-TOPOLOGICAL SPACES / (Record no. 79978)

MARC details
000 -LEADER
fixed length control field 00865nam a2200241 a 4500
001 - CONTROL NUMBER
RUCL Control Number 79978
003 - CONTROL NUMBER IDENTIFIER
rucl marc code BD-RjUL
005 - DATE AND TIME OF LATEST TRANSACTION
control field 20231128105754.0
008 - FIXED-LENGTH DATA ELEMENTS--GENERAL INFORMATION
fixed length control field 220616s2015 bg ||||| m||| 00| 0 eng d
035 ## - SYSTEM CONTROL NUMBER
system control number (BD-RjUL)79978
040 ## - CATALOGING SOURCE
Original cataloging agency BD-RjUL
Language of cataloging eng
Transcribing agency BD-RjUL
Modifying agency BD-RjUL
041 ## - LANGUAGE CODE
Language code of Book eng
082 ## - DEWEY DECIMAL CLASSIFICATION NUMBER
DDC Edition number 23
Classification number 514.32
Author mark and Year ISS 2015
100 ## - MAIN ENTRY--PERSONAL NAME
Personal name ISLAM, RAFIQUL
9 (RLIN) 3672
245 10 - TITLE STATEMENT
Title SEPARATION AXIOMS ON L-TOPOLOGICAL SPACES /
Statement of responsibility, etc RAFIQUL ISLAM ;
Name of Supervisor/Co-Supervisor Supervisor: Md. Sahadat Hossain.
260 ## - PUBLICATION, DISTRIBUTION, ETC. (IMPRINT)
Place of publication, distribution, etc Rajshahi :
Name of publisher, distributor, etc Department of Mathematics, University of Rajshahi,
Date of publication, distribution, etc 2015.
300 ## - PHYSICAL DESCRIPTION
Pagination [1], viii, 88 leaves :
Dimensions 29 cm.
502 ## - DISSERTATION NOTE
Dissertation note Thesis (M.Phill.) -- Department of Mathematics, University of Rajshahi, 2015
504 ## - BIBLIOGRAPHY, ETC. NOTE
Bibliography, etc References: Leaves 77-88
650 ## - SUBJECT ADDED ENTRY--TOPICAL TERM
Topical term or geographic name as entry element Topological Spaces
General subdivision Separation Axioms
9 (RLIN) 3673
700 ## - ADDED ENTRY--SUPERVISOR/CO-SUPERVISOR NAME
Personal name Hossain, Md. Sahadat, Supervisor
9 (RLIN) 3674
942 ## - ADDED ENTRY ELEMENTS (KOHA)
Source of classification or shelving scheme Dewey Decimal Classification
Koha item type Theses
Holdings
Source of classification or shelving scheme Damaged status Not for loan Collection code Permanent Location Current Location Shelving location Date of accession Source of acquisition Total Checkouts Full call number Barcode Date last seen Copy number Thesis
Dewey Decimal Classification   Not For Loan Theses Central Library, University of Rajshahi Central Library, University of Rajshahi Documentation Section 01/08/2016 Controller of Exam. R.U.   THE 514.32 ISS 2015 D3977 16/06/2022 C-1 Theses